000
00323nam a22001337a 4500
008
211012b ||||| |||| 00| 0 eng d
041
_a
eng
080
_a
616.12
082
_a
616.12
100
_a
7
101
_a
KARD
245
_a
Heart Valve Replacement & Future trends in cardiac surgery
_c
Rabago,G
942
_2
udc
_c
BK
999
_c
58183
_d
58183